[Event "23. Memorial Kochana"]
[Site "Koszalin"]
[Date "2012.08.11"]
[Round "1.1"]
[White "Tiba, Vladyslav"]
[Black "Ovsejevitsch, Sergei"]
[Result "0-1"]
[WhiteElo "2192"]
[BlackElo "2561"]
[PlyCount "78"]
[EventDate "2012.??.??"]

1. e4 c5 2. Nf3 d6 3. d4 cxd4 4. Nxd4 Nf6 5. Nc3 Nc6 6. Bc4 e6 7. Bb3 Be7 8.
Be3 a6 9. Qe2 Nxd4 10. Bxd4 O-O 11. O-O-O b5 12. e5 dxe5 13. Bxe5 Qb6 14. Ne4
Nxe4 15. Qxe4 Bg5+ 16. Kb1 Bb7 17. Qg4 Bh6 18. Qg3 Rac8 19. Rd4 Kh8 20. Rhd1 a5
21. Rh4 f6 22. Rxh6 Rcd8 23. Rd6 gxh6 24. Qf4 Rxd6 25. Bxd6 e5 26. Bxe5 Qd8 27.
Bd6 Re8 28. a3 a4 29. Bf7 Re1+ 30. Ka2 Re4 31. Qg3 Bc8 32. Bc7 Qf8 33. Bd5 Be6
34. c4 Bxd5 35. cxd5 Qc5 36. Qd3 Rd4 37. Qc3 Qxd5+ 38. Kb1 Qe4+ 39. Ka2 Qe6+
0-1

[Event "23. Memorial Kochana"]
[Site "Koszalin"]
[Date "2012.08.11"]
[Round "1.2"]
[White "Malaniuk, Vladimir P."]
[Black "Watorek, Marcin"]
[Result "1-0"]
[WhiteElo "2523"]
[BlackElo "2154"]
[PlyCount "77"]
[EventDate "2012.??.??"]

1. d4 d5 2. c4 c6 3. Nf3 Nf6 4. Qc2 dxc4 5. Qxc4 Bf5 6. g3 e6 7. Bg2 Be7 8. O-O
O-O 9. e3 Nbd7 10. Rd1 Rc8 11. Qe2 Ne4 12. Ne1 Qb6 13. f3 Nef6 14. e4 Bg6 15.
Nc3 e5 16. Nc2 exd4 17. Nxd4 c5 18. Nb3 Ne5 19. Be3 Qb4 20. Bf4 c4 21. Bxe5
cxb3 22. Bd4 Bc5 23. Bxc5 Qxc5+ 24. Qf2 bxa2 25. Rxa2 a5 26. Qxc5 Rxc5 27. f4
b6 28. h3 Rb8 29. f5 Bh5 30. Rd2 g6 31. Ra4 gxf5 32. exf5 Rxf5 33. g4 Bxg4 34.
hxg4 Rg5 35. Rf4 Nxg4 36. Ne4 Rg6 37. Rxg4 Rxg4 38. Nf6+ Kg7 39. Nxg4 1-0

[Event "23. Memorial Kochana"]
[Site "Koszalin"]
[Date "2012.08.11"]
[Round "1.3"]
[White "Sokolowski, Ryszard"]
[Black "Shishkin, Vadim"]
[Result "1/2-1/2"]
[WhiteElo "2132"]
[BlackElo "2485"]
[PlyCount "133"]
[EventDate "2012.??.??"]

1. Nf3 Nf6 2. c4 g6 3. g3 Bg7 4. Bg2 d5 5. cxd5 Nxd5 6. d4 Nb6 7. O-O Nc6 8. e3
e5 9. Nxe5 Nxe5 10. dxe5 Qxd1 11. Rxd1 Bxe5 12. Nc3 O-O 13. a4 a5 14. Nd5 Nxd5
15. Rxd5 Re8 16. Ra3 c6 17. Rd1 Bg4 18. Rd2 Rad8 19. Rad3 Bf6 20. Kf1 Be6 21.
Ke1 Rb8 22. e4 Bc4 23. Re3 Be6 24. h4 Red8 25. Red3 Kf8 26. Bf3 Rxd3 27. Rxd3
Bc4 28. Rd7 Ke8 29. Rd2 Be7 30. Rd4 Bb3 31. Bf4 Ra8 32. Bd1 Bc5 33. Rd3 Bc4 34.
Rf3 Rd8 35. Bd2 b6 36. Bc2 Bd4 37. Bc3 Ke7 38. b3 Be6 39. Bd2 c5 40. Bf4 Rd7
41. Rd3 c4 42. bxc4 Bxc4 43. Rd1 Ke6 44. Bd2 f6 45. f4 Ke7 46. g4 Ke6 47. Bc1
Rd8 48. f5+ Ke5 49. Bb2 gxf5 50. Rxd4 Rxd4 51. gxf5 b5 52. axb5 Bxb5 53. Kf2
Kf4 54. Bxd4 Bc6 55. Bxf6 Bxe4 56. Bxe4 Kxe4 57. Bb2 Kxf5 58. Kf3 a4 59. Ba1 a3
60. Bc3 a2 61. Ba1 Kg6 62. Kg4 Kh6 63. Bb2 Kg6 64. h5+ Kh6 65. Bc1+ Kg7 66.
Bb2+ Kh6 67. Bc1+ 1/2-1/2

[Event "23. Memorial Kochana"]
[Site "Koszalin"]
[Date "2012.08.11"]
[Round "1.4"]
[White "Sieciechowicz, Marcin"]
[Black "Adamowicz, Katarzyna"]
[Result "1-0"]
[WhiteElo "2441"]
[BlackElo "2114"]
[PlyCount "109"]
[EventDate "2012.??.??"]

1. d4 Nf6 2. c4 e6 3. Nf3 d5 4. Nc3 c6 5. Bg5 Be7 6. e3 Nbd7 7. Rc1 O-O 8. Bd3
dxc4 9. Bxc4 Nd5 10. Bxe7 Qxe7 11. O-O Nxc3 12. Rxc3 e5 13. Nxe5 Nxe5 14. dxe5
Qxe5 15. f4 Qe4 16. Qe2 Kh8 17. Bd3 Qe7 18. e4 f5 19. e5 Be6 20. Bb1 Rad8 21.
h3 Rd4 22. Qe3 Rfd8 23. Kh2 Qb4 24. Rf2 Qe7 25. Rd3 c5 26. Rfd2 Rxd3 27. Rxd3
Rxd3 28. Qxd3 Qd7 29. Qc3 b6 30. b3 Bd5 31. Bd3 Bb7 32. Bc4 h6 33. e6 Qc6 34.
Qf3 b5 35. Bd3 Qxf3 36. gxf3 Bc6 37. Bxf5 c4 38. bxc4 bxc4 39. Kg3 Kg8 40. Kf2
Kf8 41. Ke3 Ke7 42. Be4 Bb5 43. f5 Kf6 44. h4 Ke7 45. Kd4 Kf6 46. Kc5 Ba6 47.
a4 Ke7 48. Kd4 Kf6 49. Bd5 Bc8 50. Be4 Ba6 51. Bc6 h5 52. f4 g6 53. fxg6 Kxe6
54. Bd5+ Kf6 55. Bxc4 1-0

[Event "23. Memorial Kochana"]
[Site "Koszalin"]
[Date "2012.08.11"]
[Round "1.5"]
[White "Kudas, Damian"]
[Black "Weichhold, Pawel"]
[Result "1/2-1/2"]
[WhiteElo "2098"]
[BlackElo "2365"]
[PlyCount "318"]
[EventDate "2012.??.??"]

1. d4 Nf6 2. Nf3 g6 3. c4 Bg7 4. Nc3 O-O 5. e4 d6 6. Be2 c5 7. O-O cxd4 8. Nxd4
Nc6 9. Be3 Bd7 10. Qd2 Nxd4 11. Bxd4 Bc6 12. f3 a5 13. Nd5 Nd7 14. Bxg7 Kxg7
15. Qd4+ e5 16. Qd2 Bxd5 17. Qxd5 Qb6+ 18. Rf2 Nc5 19. Rd1 Rad8 20. Bd3 Ne6 21.
Bf1 Nd4 22. f4 f6 23. Kh1 Rf7 24. Rfd2 Rc8 25. Rxd4 exd4 26. Qxd4 Qxd4 27. Rxd4
Re7 28. g4 Rc6 29. Bd3 Rb6 30. b3 Rc7 31. Bc2 Kf8 32. Kg2 Ke7 33. Kf3 Rc5 34.
h4 Rbc6 35. Bd3 h6 36. Be2 Rc8 37. Rd1 Rf8 38. Bd3 h5 39. Rg1 hxg4+ 40. Rxg4
Kf7 41. f5 Rh8 42. fxg6+ Kg7 43. Kg3 Re5 44. Kf4 Rh6 45. Be2 Rh8 46. Bd3 Rhh5
47. Kg3 Rh6 48. Bc2 Rhh5 49. Bd1 Rh6 50. Be2 a4 51. bxa4 Ra5 52. Bd1 Rc5 53.
Be2 Rc6 54. Kf4 Rb6 55. Kf5 Rh5+ 56. Kf4 Rb2 57. Ke3 Rh6 58. Bf3 Rxa2 59. Kd4
Rxa4 60. Kd5 Ra6 61. Rg2 Rxh4 62. Rb2 Kxg6 63. Rxb7 Rf4 64. Rb3 Rh4 65. Be2 Rh2
66. Re3 Rb6 67. c5 dxc5 68. Kxc5 Re6 69. Rg3+ Kh6 70. Bd3 Ra2 71. Bc4 Ra5+ 72.
Kd4 Rd6+ 73. Bd5 Rb6 74. Rg8 Ra1 75. Kc5 Rba6 76. Kd4 Re1 77. Kd3 Ra3+ 78. Kc4
Ra4+ 79. Kc3 Kh5 80. Bf7+ Kh4 81. Rg6 Rc1+ 82. Kd3 Ra3+ 83. Ke2 Rb1 84. Kd2
Rb2+ 85. Kc1 Re2 86. Rh6+ Kg5 87. Rg6+ Kf4 88. Rxf6+ Ke3 89. Kb1 Rd3 90. Rc6
Rd1+ 91. Rc1 Rdd2 92. Rc3+ Kxe4 93. Bg6+ Kf4 94. Bc2 Rd8 95. Kb2 Rh2 96. Rb3
Rg8 97. Rc3 Ra8 98. Rb3 Rh1 99. Ra3 Rd8 100. Rd3 Re8 101. Rc3 Rh2 102. Rd3 Rb8+
103. Rb3 Rd8 104. Rc3 Rd4 105. Kb3 Ke5 106. Re3+ Kd5 107. Rd3 Kc5 108. Rxd4
Kxd4 109. Bf5 Rh5 110. Bg6 Rg5 111. Bh7 Rg3+ 112. Kc2 Rg7 113. Bf5 Rc7+ 114.
Kb2 Rc5 115. Bg6 Rg5 116. Bf7 Rg3 117. Be6 Rg7 118. Bf5 Re7 119. Bg6 Kc4 120.
Bh5 Rg7 121. Be8 Rg2+ 122. Kc1 Kd3 123. Bb5+ Kd4 124. Be8 Rh2 125. Bf7 Re2 126.
Kd1 Rf2 127. Be8 Kc3 128. Bg6 Rd2+ 129. Ke1 Rg2 130. Bf5 Kd4 131. Bc8 Ke3 132.
Kd1 Rd2+ 133. Kc1 Kd3 134. Bf5+ Kc3 135. Kb1 Rf2 136. Be6 Rb2+ 137. Ka1 Rb6
138. Bf7 Kc2 139. Ba2 Rc6 140. Bb1+ Kc3 141. Ba2 Ra6 142. Kb1 Ra7 143. Be6 Kd2
144. Bg4 Rc7 145. Bf5 Rb7+ 146. Ka2 Kc3 147. Be4 Rb2+ 148. Ka1 Kb3 149. Bd5+
Ka3 150. Be4 Rb4 151. Bf5 Rf4 152. Bg6 Kb3 153. Bh7 Rf1+ 154. Bb1 Rf8 155. Ba2+
Ka3 156. Bb1 Rb8 157. Bf5 Ra8 158. Kb1 Rf8 159. Be4 Rf7 1/2-1/2

[Event "23. Memorial Kochana"]
[Site "Koszalin"]
[Date "2012.08.11"]
[Round "1.6"]
[White "Rawicz, Karol"]
[Black "Jacek, Krystian"]
[Result "0-1"]
[WhiteElo "2261"]
[BlackElo "2071"]
[PlyCount "80"]
[EventDate "2012.??.??"]

1. d4 g6 2. e4 Bg7 3. Nc3 d6 4. Be3 Nd7 5. Qd2 a6 6. a4 b6 7. Nf3 Bb7 8. Bc4 e6
9. Rd1 Ngf6 10. d5 e5 11. Qe2 Nh5 12. g3 O-O 13. Nh4 Nhf6 14. Ng2 Qe8 15. b3
Nc5 16. f3 Nh5 17. Kd2 f5 18. Rhf1 Bc8 19. g4 fxg4 20. fxg4 Nf6 21. Rxf6 Rxf6
22. h4 Qd7 23. g5 Rf7 24. h5 Qh3 25. hxg6 hxg6 26. Rg1 Bg4 27. Qe1 Bf3 28. Bxc5
bxc5 29. Nh4 Bh5 30. Be2 Qh2 31. Rg2 Qf4+ 32. Kd3 Raf8 33. Bxh5 gxh5 34. Ne2
Qf1 35. Qxf1 Rxf1 36. Ng3 R1f2 37. Nxh5 Rxg2 38. Nxg2 Rf3+ 39. Ne3 Rh3 40. Nxg7
Kxg7 0-1

[Event "23. Memorial Kochana"]
[Site "Koszalin"]
[Date "2012.08.11"]
[Round "1.7"]
[White "Adamowicz, Maciej"]
[Black "Mielczarski, Miroslaw"]
[Result "1/2-1/2"]
[WhiteElo "1969"]
[BlackElo "2238"]
[PlyCount "73"]
[EventDate "2012.??.??"]

1. c4 Nf6 2. g3 e6 3. Bg2 d5 4. Nf3 Be7 5. O-O O-O 6. b3 c5 7. cxd5 Nxd5 8. Bb2
b6 9. d4 Bb7 10. Nc3 cxd4 11. Nxd5 Bxd5 12. Nxd4 Bf6 13. Rb1 Bxg2 14. Kxg2 a6
15. Nf3 Nd7 16. Qd6 Nc5 17. Rfd1 Bxb2 18. Rxb2 Ne4 19. Qxd8 Rfxd8 20. Rxd8+
Rxd8 21. Rc2 f6 22. Rc6 Rd6 23. Rxd6 Nxd6 24. Nd4 Kf7 25. Kf3 e5 26. Nc2 Ke6
27. e4 Nb5 28. Nb4 Nc3 29. Nxa6 Nxa2 30. Ke3 Nc1 31. Nc7+ Kd7 32. Nd5 Kc6 33.
b4 Kb5 34. Kd2 Na2 35. Nc3+ Nxc3 36. Kxc3 Kc6 37. Kc4 1/2-1/2

[Event "23. Memorial Kochana - B"]
[Site "Koszalin"]
[Date "2012.08.11"]
[Round "1.2"]
[White "Lisinski, Henryk"]
[Black "Dura, Damian"]
[Result "1-0"]
[WhiteElo "1976"]
[BlackElo "1617"]
[PlyCount "97"]
[EventDate "2012.??.??"]

1. d4 c5 2. e3 e6 3. Nf3 d5 4. Be2 Nc6 5. O-O Bd6 6. dxc5 Bxc5 7. c4 Nge7 8.
cxd5 exd5 9. a3 h6 10. b4 Bd6 11. Bb2 O-O 12. Qb3 Be6 13. Qc3 f6 14. b5 Ne5 15.
Nd4 Bf7 16. Nd2 Qd7 17. Rac1 Nc8 18. f4 Ng6 19. a4 Nb6 20. Qb3 Rac8 21. h3 Rfe8
22. Bg4 Qe7 23. Bxc8 Nxc8 24. Nf5 Qe6 25. Nd4 Qe7 26. a5 Bc5 27. Nf5 Qc7 28.
Bd4 b6 29. Qc2 Qd7 30. axb6 Bxd4 31. Nxd4 axb6 32. Qc6 Nf8 33. Rc3 Qe7 34. Nf5
Qe6 35. Qxe6 Nxe6 36. Rxc8 Nc5 37. Rxe8+ Bxe8 38. Ne7+ Kf7 39. Nxd5 Bxb5 40.
Rb1 Bd3 41. Rxb6 Nd7 42. Rb7 Ke6 43. Nb4 Bg6 44. e4 Be8 45. Nc4 g6 46. Nd5 Bf7
47. Ndb6 Nc5 48. f5+ gxf5 49. exf5+ 1-0

[Event "23. Memorial Kochana - B"]
[Site "Koszalin"]
[Date "2012.08.11"]
[Round "1.3"]
[White "Dura, Rafal"]
[Black "Szmidt, Przemyslaw"]
[Result "0-1"]
[WhiteElo "1563"]
[BlackElo "1936"]
[PlyCount "118"]
[EventDate "2012.??.??"]

1. e4 Nc6 2. Nf3 e6 3. d4 d5 4. e5 Nge7 5. Bg5 Qd7 6. c3 Ng6 7. Bd3 Be7 8. Bxe7
Qxe7 9. Qc2 Nh4 10. Nxh4 Qxh4 11. Nd2 Bd7 12. Nf3 Qg4 13. O-O f5 14. Qd2 Qg6
15. Qg5 Qf7 16. Nh4 Ne7 17. f4 h6 18. Qg3 g5 19. fxg5 hxg5 20. Qxg5 O-O-O 21.
Nf3 Rdg8 22. Qd2 Qg7 23. a4 Ng6 24. b4 Nf4 25. Ra2 Nxg2 26. Kh1 Qe7 27. Rg1 Nh4
28. Rxg8+ Rxg8 29. Nxh4 Qxh4 30. Qf2 Qh3 31. Qf1 Qe3 32. Rg2 Rf8 33. Rg3 Qd2
34. Bb5 c6 35. Be2 Be8 36. Qf3 Rh8 37. Qd3 Qh6 38. Rg2 Qc1+ 39. Rg1 Qb2 40. a5
a6 41. Rg2 Qc1+ 42. Rg1 Qf4 43. Qg3 Qh6 44. Rg2 f4 45. Qg5 Qxg5 46. Rxg5 Rh3
47. Bg4 Rxc3 48. Bxe6+ Kd8 49. h4 f3 50. h5 Rc1+ 51. Rg1 Rc4 52. h6 Rxd4 53.
Rg3 f2 54. Kg2 Rf4 55. Kf1 c5 56. h7 Bb5+ 57. Kg2 f1=Q+ 58. Kh2 Rf2+ 59. Rg2
Qxg2# 0-1

[Event "23. Memorial Kochana - B"]
[Site "Koszalin"]
[Date "2012.08.11"]
[Round "1.4"]
[White "Bartoszewicz, Marcin"]
[Black "Dabrowski, Damian"]
[Result "1-0"]
[WhiteElo "1908"]
[BlackElo "1543"]
[PlyCount "43"]
[EventDate "2012.08.12"]
[SourceDate "2012.08.12"]

1. e4 c5 2. Nf3 Nc6 3. d4 cxd4 4. Nxd4 Nf6 5. Nc3 g6 6. Be3 Bg7 7. f3 O-O 8.
Qd2 d6 9. O-O-O Bd7 10. h4 Re8 11. h5 Nxh5 12. g4 Ng3 13. Rh3 Nxf1 14. Rxf1 h5
15. Nf5 gxf5 16. gxf5 e6 17. Rg1 f6 18. Rhg3 Re7 19. Bh6 Qb6 20. Rxg7+ Kh8 21.
Qg2 Qd8 22. Qg6 1-0

[Event "23. Memorial Kochana - B"]
[Site "Koszalin"]
[Date "2012.08.11"]
[Round "1.5"]
[White "Pijewski, Milosz"]
[Black "Pilat, Wieslaw"]
[Result "1/2-1/2"]
[WhiteElo "1511"]
[BlackElo "1899"]
[PlyCount "105"]
[EventDate "2012.??.??"]

1. d4 Nf6 2. c4 e6 3. Nc3 b6 4. e3 Bb7 5. Nf3 Ne4 6. Bd3 f5 7. Bxe4 fxe4 8. Nd2
Qg5 9. O-O d5 10. cxd5 exd5 11. f4 Qh6 12. Qg4 Nd7 13. Qf5 c6 14. b3 Bb4 15.
Bb2 O-O-O 16. Rac1 Kb8 17. a3 Bd6 18. b4 Rhf8 19. Qg4 Nf6 20. Qg3 Ba6 21. Rf2
g5 22. Qxg5 Qxg5 23. fxg5 Ng4 24. Rxf8 Bxh2+ 25. Kh1 Rxf8 26. Nd1 Bg3 27. Rxc6
Nf2+ 28. Nxf2 Rxf2 29. Bc3 Bf1 30. Rf6 Bxg2+ 31. Kg1 Rxf6 32. gxf6 Bh3 33. f7
Bd6 34. Nf1 Be6 35. Be1 Bxf7 36. Bg3 Kc7 37. Kf2 a5 38. Bxd6+ Kxd6 39. bxa5
bxa5 40. Nd2 Kc6 41. a4 Bh5 42. Nb3 Bd1 43. Nc5 Kd6 44. Nb7+ Kd7 45. Nc5+ Ke7
46. Kg3 Kf6 47. Kh4 Kf5 48. Nb7 Bxa4 49. Nxa5 Bd1 50. Nc6 Ke6 51. Kg5 Kd6 52.
Ne5 h5 53. Ng6 1/2-1/2

[Event "23. Memorial Kochana - B"]
[Site "Koszalin"]
[Date "2012.08.11"]
[Round "1.8"]
[White "Darowicki, Mariusz"]
[Black "Borkowski, Helmut"]
[Result "1-0"]
[WhiteElo "1856"]
[BlackElo "1497"]
[PlyCount "47"]
[EventDate "2012.??.??"]

1. e4 g6 2. d4 Bg7 3. Nc3 d6 4. Be3 Nf6 5. Be2 c6 6. a4 h5 7. h3 Nbd7 8. f4 e6
9. Nf3 Qb6 10. Qc1 Qc7 11. Qd2 Nh7 12. O-O-O Ndf6 13. Ng5 a6 14. e5 Nd5 15.
Nxh7 Rxh7 16. Ne4 Nxe3 17. Nxd6+ Ke7 18. Qxe3 b5 19. Qa3 Kd7 20. axb5 Bb7 21.
Nxb7 Qxb7 22. bxc6+ Qxc6 23. Bf3 Qc8 24. Qd6+ 1-0

[Event "23. Memorial Kochana - B"]
[Site "Koszalin"]
[Date "2012.08.11"]
[Round "1.9"]
[White "Kubiak, Jakub"]
[Black "Kowalski, Maciej"]
[Result "0-1"]
[WhiteElo "1471"]
[BlackElo "1851"]
[PlyCount "58"]
[EventDate "2012.??.??"]

1. e4 d5 2. exd5 Nf6 3. d4 Nxd5 4. Nf3 g6 5. Be3 Bg7 6. c4 Nxe3 7. fxe3 c5 8.
Nc3 Qb6 9. Nd5 Qa5+ 10. Qd2 Qxd2+ 11. Nxd2 Na6 12. Nb3 e6 13. Nc3 Bh6 14. Kf2
Nb4 15. Re1 cxd4 16. exd4 O-O 17. a3 Na6 18. h4 b6 19. g4 Bb7 20. Bg2 Bxg2 21.
Kxg2 Rac8 22. h5 Bg7 23. hxg6 hxg6 24. g5 Rxc4 25. Rh4 Nc5 26. Nxc5 bxc5 27.
Reh1 Rxd4 28. Ne4 Rb8 29. Kf3 Rb3+ 0-1

[Event "23. Memorial Kochana - B"]
[Site "Koszalin"]
[Date "2012.08.11"]
[Round "1.10"]
[White "Czernicki, Bogdan"]
[Black "Cwirko, Mateusz"]
[Result "1-0"]
[WhiteElo "1850"]
[BlackElo "1436"]
[PlyCount "55"]
[EventDate "2012.??.??"]

1. d4 Nf6 2. Nf3 g6 3. Bg5 Bg7 4. Nbd2 O-O 5. e4 d6 6. Bd3 Nbd7 7. O-O c5 8. c3
a6 9. a4 b6 10. h3 Bb7 11. Re1 Rc8 12. d5 h6 13. Bf4 Nh5 14. Bh2 Nhf6 15. Qc2
Ne8 16. c4 Ra8 17. e5 dxe5 18. Nxe5 Nd6 19. Ndf3 Nxe5 20. Nxe5 Re8 21. Rad1 Bc8
22. Re2 Bf5 23. Rde1 Bf6 24. g4 Bxd3 25. Qxd3 Rc8 26. Nxg6 fxg6 27. Qxg6+ Bg7
28. Be5 1-0

[Event "23. Memorial Kochana - B"]
[Site "Koszalin"]
[Date "2012.08.11"]
[Round "1.12"]
[White "Kiolbasa, Damian"]
[Black "Leszczewska, Edyta"]
[Result "1-0"]
[WhiteElo "1826"]
[BlackElo "1398"]
[PlyCount "45"]
[EventDate "2012.??.??"]

1. d4 d5 2. c4 e6 3. Nc3 Nc6 4. Nf3 Bb4 5. e3 Nf6 6. Bd3 O-O 7. Qc2 Bd7 8. a3
Bxc3+ 9. bxc3 dxc4 10. Bxc4 Nd5 11. e4 Nb6 12. Bd3 Re8 13. e5 h6 14. h4 Ne7 15.
h5 Ned5 16. g4 Ba4 17. Qd2 f5 18. gxf5 exf5 19. Rg1 f4 20. c4 Ne7 21. Qxf4 Rf8
22. Qxh6 Rf7 23. e6 1-0

[Event "23. Memorial Kochana - B"]
[Site "Koszalin"]
[Date "2012.08.11"]
[Round "1.13"]
[White "Popiolek, Henryk"]
[Black "Malaczek, Mateusz"]
[Result "0-1"]
[WhiteElo "1385"]
[BlackElo "1822"]
[PlyCount "52"]
[EventDate "2012.??.??"]

1. d4 Nf6 2. Nf3 g6 3. c4 c5 4. e3 Bg7 5. Be2 O-O 6. Nc3 cxd4 7. exd4 d5 8. c5
Nc6 9. Be3 b6 10. cxb6 Qxb6 11. b3 Ne4 12. Rc1 Qa5 13. O-O Nxc3 14. Rxc3 Qxc3
15. Bb5 Bb7 16. Qe2 Qa5 17. Rc1 Rac8 18. Rc5 Qb6 19. Ba4 Nxd4 20. Bxd4 Bxd4 21.
Rxc8 Rxc8 22. g3 Rc1+ 23. Kg2 Ba6 24. Qd2 Bf1+ 25. Kg1 Bxf2+ 26. Qxf2 Bh3+ 0-1

[Event "23. Memorial Kochana"]
[Site "Koszalin"]
[Date "2012.08.12"]
[Round "2.1"]
[White "Ovsejevitsch, Sergei"]
[Black "Sieciechowicz, Marcin"]
[Result "1-0"]
[WhiteElo "2561"]
[BlackElo "2441"]
[PlyCount "49"]
[EventDate "2012.??.??"]

1. c4 Nf6 2. Nf3 g6 3. Nc3 d5 4. Qa4+ Bd7 5. Qb3 dxc4 6. Qxc4 Bg7 7. e4 a6 8.
e5 b5 9. Qc5 Nh5 10. d4 O-O 11. Be2 Re8 12. O-O Bf8 13. Qd5 Bc6 14. Qb3 e6 15.
Rd1 b4 16. d5 exd5 17. Nxd5 Qc8 18. Ng5 Rxe5 19. Nf6+ Nxf6 20. Qxf7+ Kh8 21.
Qxf6+ Bg7 22. Rd8+ Re8 23. Nf7+ Kg8 24. Nh6+ Kh8 25. Qf7 1-0

[Event "23. Memorial Kochana"]
[Site "Koszalin"]
[Date "2012.08.12"]
[Round "2.2"]
[White "Jacek, Krystian"]
[Black "Malaniuk, Vladimir P"]
[Result "0-1"]
[WhiteElo "2071"]
[BlackElo "2523"]
[PlyCount "96"]
[EventDate "2012.??.??"]

1. e4 e5 2. Nf3 Nc6 3. Bb5 a6 4. Ba4 Nf6 5. O-O Bc5 6. c3 b5 7. Bb3 d6 8. d4
Bb6 9. a4 Bg4 10. Bg5 Rb8 11. Na3 h6 12. Be3 O-O 13. axb5 axb5 14. Nxb5 Re8 15.
Qc2 Bd7 16. Rfe1 exd4 17. Bxd4 Nxd4 18. Nbxd4 c5 19. Nf5 Bxf5 20. exf5 d5 21.
Ne5 Qd6 22. Nf3 Rxe1+ 23. Rxe1 c4 24. Ba4 Ne4 25. Nd4 Bxd4 26. cxd4 Qb6 27.
Rxe4 dxe4 28. Qxc4 Qxb2 29. h3 e3 30. fxe3 Qd2 31. Qc7 Qxe3+ 32. Kh2 Rb4 33.
Bc2 Rxd4 34. Qb8+ Kh7 35. Bb3 Qe7 36. Bc2 Qd6+ 37. Qxd6 Rxd6 38. Kg3 Kg8 39.
Kf4 Kf8 40. Be4 Ke7 41. g4 Ra6 42. h4 Ra4 43. Ke5 f6+ 44. Kd5 Rb4 45. h5 Ra4
46. Bf3 Rf4 47. Be2 Rf2 48. Bb5 Rg2 0-1

[Event "23. Memorial Kochana"]
[Site "Koszalin"]
[Date "2012.08.12"]
[Round "2.3"]
[White "Shishkin, Vadim"]
[Black "Kudas, Damian"]
[Result "1-0"]
[WhiteElo "2485"]
[BlackElo "2098"]
[PlyCount "77"]
[EventDate "2012.??.??"]

1. d4 d5 2. c4 c6 3. Nf3 Nf6 4. e3 Bf5 5. Nc3 e6 6. Nh4 Bg6 7. Nxg6 hxg6 8. g3
Nbd7 9. a3 Be7 10. Bd2 O-O 11. Qb3 Qb6 12. Qa2 e5 13. c5 Qc7 14. Be2 Rfe8 15.
O-O Nf8 16. Rad1 Ne6 17. Bc1 e4 18. b4 a6 19. Kg2 Qd7 20. Rh1 g5 21. h3 g6 22.
g4 Nh7 23. f3 exf3+ 24. Bxf3 f5 25. Nxd5 cxd5 26. Qxd5 Nf6 27. Qxd7 Nxd7 28.
Bxb7 Ra7 29. Bd5 Bf6 30. gxf5 gxf5 31. Rhf1 f4 32. exf4 gxf4 33. Rxf4 Kh8 34.
Rg4 Ndf8 35. Bc4 Rd8 36. d5 a5 37. Rf1 axb4 38. Rxf6 Nxc5 39. Rh6+ 1-0

[Event "23. Memorial Kochana"]
[Site "Koszalin"]
[Date "2012.08.12"]
[Round "2.4"]
[White "Weichhold, Pawel"]
[Black "Adamowicz, Maciej"]
[Result "1-0"]
[WhiteElo "2365"]
[BlackElo "1969"]
[PlyCount "87"]
[EventDate "2012.??.??"]

1. e4 d5 2. Nc3 dxe4 3. Nxe4 Nc6 4. Nf3 g6 5. Bc4 Bg7 6. O-O Nf6 7. Nxf6+ Bxf6
8. c3 O-O 9. d4 e5 10. Bh6 exd4 11. Bxf8 Kxf8 12. Qb3 Kg7 13. Nxd4 Nxd4 14.
cxd4 Qxd4 15. Rae1 b6 16. Bd5 Rb8 17. Re8 Be6 18. Rxb8 Bxd5 19. Qd1 Qe5 20. b3
c5 21. Re1 Qg5 22. f3 Bd4+ 23. Kh1 Bc6 24. Rc8 Bd5 25. Qe2 Be6 26. Rc7 Kf6 27.
Rxa7 Qd5 28. Qe4 Qd6 29. Qh4+ Kg7 30. Qe7 Qxe7 31. Rxe7 Kf6 32. Rb7 c4 33. bxc4
Bc5 34. Rxe6+ Kxe6 35. f4 h5 36. g3 f6 37. Kg2 Kf5 38. Kf3 g5 39. fxg5 fxg5 40.
Rf7+ Kg6 41. Rd7 Bg1 42. h3 Kf5 43. Rd5+ Kf6 44. g4 1-0

[Event "23. Memorial Kochana"]
[Site "Koszalin"]
[Date "2012.08.12"]
[Round "2.5"]
[White "Mielczarski, Miroslaw"]
[Black "Sokolowski, Ryszard"]
[Result "1-0"]
[WhiteElo "2238"]
[BlackElo "2132"]
[PlyCount "115"]
[EventDate "2012.??.??"]

1. d4 d6 2. c4 e5 3. Nf3 e4 4. Ng5 Nf6 5. Nc3 Qe7 6. g3 h6 7. Nh3 g5 8. Bg2 Bf5
9. Ng1 c6 10. h4 g4 11. e3 Bg7 12. Nge2 O-O 13. O-O Nbd7 14. b3 Rfe8 15. Nf4
Nf8 16. Bb2 Ng6 17. Re1 Rad8 18. Qd2 Nh7 19. Nce2 Bf6 20. Kf1 Rd7 21. Red1 Nhf8
22. Rac1 d5 23. cxd5 cxd5 24. Rc5 Red8 25. Nh5 Ne6 26. Rc2 Bh8 27. Rdc1 Qd6 28.
Qa5 Qb8 29. Ba3 Ne7 30. Kg1 Nc6 31. Qd2 Bg6 32. Nhf4 Nxf4 33. Nxf4 Bf6 34. Bf1
Be7 35. Bxe7 Nxe7 36. h5 Bf5 37. Be2 Kh7 38. Kg2 Ng8 39. Bb5 Re7 40. Rc5 Nf6
41. Qc3 a6 42. Be2 Qd6 43. b4 Be6 44. b5 axb5 45. Bxb5 Kg7 46. a4 Bf5 47. a5
Be6 48. Ba4 Qa6 49. Rb1 Ne8 50. Rb6 Qa7 51. Bd1 Nd6 52. Nxd5 Bxd5 53. Rxd5 Re6
54. Qb4 Qb8 55. Bxg4 Rf6 56. a6 Qc7 57. Qc5 Qe7 58. axb7 1-0

[Event "23. Memorial Kochana"]
[Site "Koszalin"]
[Date "2012.08.12"]
[Round "2.6"]
[White "Watorek, Marcin"]
[Black "Rawicz, Karol"]
[Result "1/2-1/2"]
[WhiteElo "2154"]
[BlackElo "2261"]
[PlyCount "87"]
[EventDate "2012.??.??"]

1. d4 Nf6 2. Nf3 e6 3. c4 d5 4. Nc3 Nbd7 5. Bg5 c6 6. e3 Bb4 7. Qc2 Qa5 8. Nd2
O-O 9. Be2 e5 10. O-O exd4 11. Nb3 Qb6 12. Nxd4 Bxc3 13. bxc3 dxc4 14. Bxf6
Nxf6 15. Bxc4 Qc5 16. Bd3 Qh5 17. Rab1 Rd8 18. Be2 Qe5 19. Rfd1 c5 20. Nf3
Rxd1+ 21. Rxd1 Qe7 22. Bc4 Bg4 23. Qd3 Bh5 24. Qf5 Bg4 25. Qf4 Re8 26. h3 Be6
27. Bxe6 Qxe6 28. Qa4 a6 29. Qb3 Qxb3 30. axb3 Kf8 31. c4 Ke7 32. Ne5 Rc8 33.
f3 Ne8 34. Kf2 Nc7 35. f4 f6 36. Nd3 Rd8 37. Ke2 b6 38. g4 Ne6 39. Ra1 a5 40.
f5 Nc7 41. Nf4 Ra8 42. e4 Kd6 43. Nd5 Nxd5 44. exd5 1/2-1/2

[Event "23. Memorial Kochana"]
[Site "Koszalin"]
[Date "2012.08.12"]
[Round "2.7"]
[White "Adamowicz, Katarzyna"]
[Black "Tiba, Vladyslav"]
[Result "0-1"]
[WhiteElo "2114"]
[BlackElo "2192"]
[PlyCount "110"]
[EventDate "2012.??.??"]

1. e4 c6 2. d4 d5 3. Nc3 dxe4 4. Nxe4 Nd7 5. Ng5 Ngf6 6. Bd3 e6 7. N1f3 Bd6 8.
Qe2 h6 9. Ne4 Nxe4 10. Qxe4 Qc7 11. O-O b6 12. Qg4 Kf8 13. Re1 Bb7 14. c4 Nf6
15. Qh3 c5 16. dxc5 bxc5 17. Bd2 Rd8 18. Bc3 Bxf3 19. Qxf3 Bxh2+ 20. Kh1 Qf4
21. Qh3 Ng4 22. Re2 Qg5 23. Bc2 Bc7 24. g3 Nf6 25. Bxf6 Qxf6 26. Qh5 Qe7 27.
Rd1 Rxd1+ 28. Bxd1 g6 29. Qf3 Kg7 30. Qc3+ Qf6 31. Qxf6+ Kxf6 32. Rd2 Ke7 33.
Ba4 Bd6 34. Kg2 h5 35. Rd3 Rb8 36. b3 Rh8 37. Bc6 f5 38. Rd1 h4 39. gxh4 Rxh4
40. Rh1 Rxh1 41. Kxh1 e5 42. Kg2 e4 43. Kf1 Kf6 44. Ke2 Ke5 45. Ke3 Bc7 46. Bd5
Ba5 47. Bc6 g5 48. Bd5 Bc3 49. Bc6 f4+ 50. Ke2 f3+ 51. Kf1 Kf4 52. Bd5 e3 53.
fxe3+ Kxe3 54. Be6 Kf4 55. a3 g4 0-1

[Event "23. Memorial Kochana - B"]
[Site "Koszalin"]
[Date "2012.08.12"]
[Round "2.1"]
[White "Tarczykowski, Janusz"]
[Black "Przerwa, Waldemar"]
[Result "1/2-1/2"]
[WhiteElo "1988"]
[BlackElo "1807"]
[PlyCount "139"]
[EventDate "2012.??.??"]

1. d4 Nf6 2. c4 c5 3. d5 d6 4. Nc3 g6 5. e4 Bg7 6. h3 O-O 7. Nf3 e6 8. Bd3 exd5
9. cxd5 Re8 10. O-O c4 11. Bxc4 Nxe4 12. Nxe4 Rxe4 13. Qc2 Re8 14. Bg5 Qb6 15.
Rae1 Bd7 16. Rxe8+ Bxe8 17. Re1 Nd7 18. b3 Ne5 19. Nxe5 Bxe5 20. Kh1 Bd7 21. f4
Bg7 22. Re7 Qc7 23. Bd3 Rc8 24. Qxc7 Rxc7 25. f5 Bf8 26. fxg6 hxg6 27. Re1 Rc3
28. Be4 f5 29. Bf6 Rc7 30. Bf3 Kf7 31. Bd4 b6 32. a4 Be7 33. Be2 Bf6 34. Bxf6
Kxf6 35. Bc4 Rc8 36. Kg1 Re8 37. Rc1 Rc8 38. Re1 Re8 39. Rc1 Ke5 40. Kf2 Kd4
41. Rd1+ Kc5 42. Ba6 Kb4 43. Rd3 b5 44. Bb7 bxa4 45. bxa4 Kxa4 46. Bc6+ Bxc6
47. dxc6 Kb5 48. Rxd6 a5 49. Rxg6 a4 50. Rf6 a3 51. Rxf5+ Kb4 52. Rf7 Ra8 53.
Rb7+ Kc3 54. c7 Rc8 55. g4 a2 56. Ra7 Kb2 57. g5 Rxc7 58. Rxa2+ Kxa2 59. h4 Kb3
60. Kf3 Kc4 61. Kg4 Kd5 62. Kf5 Rf7+ 63. Kg6 Rf1 64. h5 Ke6 65. h6 Ke7 66. h7
Rh1 67. Kg7 Ke6 68. g6 Kf5 69. Kf7 Rh6 70. g7 1/2-1/2